00537 a2200157 4500010001400000020002300014035001300037037001500050082000800065100002500073245004600098260004500144270006200189300003400251500009400285 aENG-86750 c325.00a0195692004 aEN-70283 bDBAD / PUB14a954 aTrautmann, Thomas R.1 aThe aryan debate /cby Thomas R.Trautmann aNew DelhibOxford University Pressc2007 aYMCA Library Building, Jai Singh RoadbNew Delhie110 001 axliii, 289pc22cm (pbk)bill. aHB of the same book recd. on 24.8.2005 and includes bibliographical references and index